| Tag |
First Indicator |
Second Indicator |
Subfields |
| LEADER |
00000cam a2200000 4500 |
| 001 |
in00000095037 |
| 005 |
20150927110625.0 |
| 008 |
710325s1971 nyua b 00110 eng |
| 010 |
|
|
|a 72132345
|
| 020 |
|
|
|a 0070342806
|
| 035 |
|
|
|a (OCoLC)00127532
|
| 035 |
|
|
|9 AAL6917AM
|
| 040 |
|
|
|a DLC
|c DLC
|d IHS
|d TXA
|d UtOrBLW
|
| 049 |
|
|
|a TXAM
|c [1021710]
|
| 050 |
0 |
0 |
|a TP159.M4
|b K4
|
| 060 |
|
0 |
|a TP 159.M4 K42s 1971
|
| 082 |
0 |
|
|a 660/.28424
|
| 100 |
1 |
|
|a Kesting, Robert E.,
|d 1933-
|
| 245 |
1 |
0 |
|a Synthetic polymeric membranes /
|c [by] Robert E. Kesting.
|
| 264 |
|
1 |
|a New York :
|b McGraw-Hill,
|c [1971]
|
| 300 |
|
|
|a xi, 307 pages :
|b illustrations ;
|c 24 cm.
|
| 336 |
|
|
|a text
|b txt
|2 rdacontent
|
| 337 |
|
|
|a unmediated
|b n
|2 rdamedia
|
| 338 |
|
|
|a volume
|b nc
|2 rdacarrier
|
| 504 |
|
|
|a Includes bibliographical references.
|
| 650 |
|
0 |
|a Membranes (Technology)
|
| 650 |
|
0 |
|a Polymerization.
|
| 650 |
|
0 |
|a Polymers.
|
| 999 |
|
|
|a MARS
|
| 999 |
f |
f |
|s 7d6af490-c980-3a22-aab0-5a259b35fd7c
|i 668e0734-151b-3f7a-80a9-232c0e2d8e5f
|t 0
|
| 952 |
f |
f |
|p ric
|a Texas A&M University
|b Rellis Campus
|c Joint Library Facility
|d Remote Storage
|t 0
|e TP159.M4 K4
|h Library of Congress classification
|i unmediated -- volume
|m A14805600894
|
| 998 |
f |
f |
|a TP159.M4 K4
|t 0
|l Remote Storage
|